000 01493cad a22002055a 4500
001 L153568
008 110808s2011 xxk f 000 0 eng d
035 _a(Sirsi) u153568
041 0 _aeng
110 2 _aUK Trade and Investment
_94699
245 0 0 _aAdapting to an uncertain climate
_ba world of commercial opportunities
_h[electronic resource]
260 _a[S.I.]
_bUKT&I
_c2011
520 _aDuring the past decade, a huge global industry catering to rising concerns about energy and climate change has emerged. The most obvious aspect of this has been the boom in production of renewable energies, but related businesses span sectors as diverse as consulting, education, construction and manufacturing. This report looks at the emerging opportunities for business in key sectors including construction following an Economist Intelligence Unit survey of 705 companies globally, representing a range of business sectors, during January and February 2011. The survey attempted to afford even representation to the following regions: Middle East and Africa; Western Europe; Asia Pacific; North America; and Latin America.
590 _aKA NTK
651 4 _aInternational
690 _aBUILT ENVIRONMENT-CONSTRUCTION MARKET
710 1 _aEconomist Intelligence Unit
_972
856 4 0 _uhttps://www.managementthinking.eiu.com/sites/default/files/downloads/Adapting%20to%20an%20uncertain%20climate%20(English).pdf
_zView the pdf free of charge at www.businessresearch.eiu.com
942 _n0
999 _c112597
_d112597